Handbook of applied hydrology /

Detalles Bibliográficos
Autor principal: Chow, Ven Te
Formato: Libro
Publicado: New York : McGraw-Hill, 1964.
Materias:
Etiquetas: Agregar Etiqueta
Sin Etiquetas, Sea el primero en etiquetar este registro!

MARC

LEADER 00000nam a22000004a 4500
001 AR-BbUGT1988
003 AR-BbUGT
005 20181220001614.0
007 ta
008 061101t1964 |||abd |0|||0| d
020 |a 07-010774-2 
040 |a AR-BbUGT  |b spa  |c AR-BbUGT 
082 0 4 |a 551.4802 
100 1 |a Chow, Ven Te. 
245 1 0 |a Handbook of applied hydrology /   |c Ven Te Chow. 
260 |a New York :   |b McGraw-Hill,   |c 1964. 
300 |a 895 p. :   |b il., diagrs. , mapas, tablas 
653 |a Geociencias 
653 |a Hidrología 
942 |c BK  |h 551.4802  |i C458  |m D  |2 ddc  |6 551_480200000000000_C458 
999 |c 9674  |d 9674